| 000 | 00685nam a2200241Ia 4500 | ||
|---|---|---|---|
| 005 | 20260429112027.0 | ||
| 008 | 260429s9999||||xx |||||||||||||| ||und|| | ||
| 020 | _a9781032514307 | ||
| 041 | _aEnglish | ||
| 082 |
_a658.3 _bBIR |
||
| 100 | _aBiron, Michal | ||
| 245 | 0 |
_aHuman resource strategy : _bformulation, implementation, and impact / _cMichal Biron |
|
| 250 | _a3rd ed. | ||
| 260 |
_aUnited Kingdom : _bRoutledge, _c2025. |
||
| 300 | _ax, 353 p.; pbk | ||
| 650 | _a Human resource management | ||
| 650 | _a Personnel management | ||
| 650 | _aManagement | ||
| 700 | _a Bamberger, Peter A. | ||
| 700 | _a Boon, Corine | ||
| 700 | _a Farndale, Elaine | ||
| 942 | _cTB | ||
| 999 |
_c51966 _d51966 |
||